000 00367nam a2200157Ia 4500
003 OSt
005 20240210111931.0
008 170524s9999 xx 000 0 und d
020 _a978-0071078016
040 _cIIMT UNIVERSITY
100 _aSASIDHARAN K
100 _c2012
245 0 _aSECURITY ANALYSIS AND PORTFOLIO MANAGEMENT
260 _aTMH
942 _2ddc
_c01
999 _c2785
_d2785